| 000 | 00658nam a22002177a 4500 | ||
|---|---|---|---|
| 003 | BUBTL | ||
| 008 | 230315b ||||| |||| 00| 0 eng d | ||
| 020 | _a9780748614417 | ||
| 082 | _a950/ M169o/ 2000 | ||
| 100 |
_95211 _aMacfie, A. L. |
||
| 245 |
_a Orientalism : _b a reader / _c A. L. Macfie |
||
| 250 | _a1st Edn. | ||
| 260 |
_aEdinburgh: _bEdinburgh University Press, |
||
| 300 |
_ax, 382 p.: _c25 cm |
||
| 500 | _aIncludes index and bibliography | ||
| 505 | _a Orientalism, A. L. Macfie, English Literature, English | ||
| 650 | 0 |
_91994 _aEnglish Literature |
|
| 856 |
_k0 _l0 _yDownload |
||
| 942 |
_2ddc _cBK |
||
| 999 |
_c6973 _d6973 |
||